00465nam a22001577a 450000500170000001000150001702000260003203500140005803700130007208200080008510000160009324500680010926000370017727000710021430000220028520190410115900.0 aENG-125035 a9788192557533c485.00 aEN-108567 bDBAD/PUB a910 aJha, Pushpa aMonuments and sites in Andaman Nicobar Islands/ cby Pushpa Jha aNew DelhibAryan Prakashanc2015 aH-1/48 Bengali Colony, Mahaveer Enclave (Palam)bNew Delhie110045 av; 152p.c23(Hbk)